000 00570nam a22001697a 4500
020 _qHard Cover.
082 _a005
100 _aAkmal, Afaf
245 _aAn Architectural Framework for Implementing Integrated Ambulance System in Smart City /
_cAfaf Akmal.
260 _aIslamabad:
_bSEECS - NUST,
_c2018.
300 _avii, 59 p. : ill. ;
_c30cm.
650 _aMs Thesis.
_918721
700 _aDr. Qaiser Riaz.
_919301
856 _uhttp://10.250.8.41:8080/xmlui/handle/123456789/21676
942 _2ddc
_cTHE
999 _c528181
_d528181